Luksemburg - Kantony (podział administracyjny Luksemburga) - Mapa - Statystyki

Ogólne statystyki
  • Ten quiz został rozwiązany 99 razy
  • Średni wynik to 4 z 12
Odpowiedzi na mapie
Odpowiedzi zakodowano w zielono-czerwonej skali na mapie do tego quizu, zgodnie z poniższymi procentami.
 
Statystyki odpowiedzi
Kanton % Poprawnych
Luksemburg
100%
Diekirch
36%
Esch-sur-Alzette
36%
Clervaux
27%
Grevenmacher
27%
Mersch
27%
Redange
27%
Remich
27%
Wiltz
27%
Echternach
18%
Vianden
18%
Capellen
9%
Nie znaleziono quizów pasujących do podanych kryteriów
Rozkład punktacji
Procent ludzi z każdym wynikiem
Percentyl według liczby udzielonych odpowiedzi
Twoja historia wyników
Nie rozwiązałeś tego quizu